02041nam a22002897a 4500003000900000008004100009040007100050082002300121110003600144245008800180260005300268300003300321440012200354505098900476650002701465650002501492650001901517650001901536650002301555650002701578650002701605700002501632700001901657700002301676700002101699700003101720AR-CdUCM190425b ||||| |||| 00| 0 spa d aMUNICIPALIDAD PROVINCIAL DEL CUSCOcBIBLIOTECA MUNICIPAL DEL CUSCO aRev.Andi/N°6/1985 aCentro Bartolomé de Las Casas aRevista andina /cCentro de estudios rurales andinos Bartolomé de Las Casas Cusco aCusco :bCentro Bartolomé de Las Casas,c1985. a343-621 páginas. :c23 cm. aPublicación Semestral del Centro Bartolomé de Las Casas Cusco.nAño 3, Número 6, N°2, Segundo semestre 1985. aContenido: La nación y la historia regional en los países andinos 1870- 1930. Germán Colmenares. -- Dos vías de desarrollo capitalista en la agricultura o Crítica de la razón chayanoviano marxizante. David Lehmann. -- La adaptación de la dominación incaica a las sociedades autóctonas de la frontera septentrional del Imperio territorio Otavalo Ecuador. Chantal Caillavet. -- “Algún día todo se andará los movimientos étnicos en Charcas siglos XVII. Thierry Saignes. -- Violencia cotidiana de los naturales de Quispicanchis, Canas y Canchis en el siglo XVIII. Ward A. Stavig. -- La encomienda de Songo Suri Oyune el proceso de un iceberg. Geneviève Tranchand. -- Presentación en forma reiterativa del drama quechua la Muerte de Atahualpa. Teodoro L. Meneses. -- Panorama de la lingüística andina. Rodolfo Cerrón Palomino. -- Recursos para la investigación en estudios andinos en la Lilly Library de la Universidad de Indiana. Rebecca C. Gibson. aComunidades campesinas aEconomía campesina aCultura andina aIdioma Quechua aAgricultura andina aLevantamientos andinos aLingüística andina aColmenares, Germán aLehmann, David aCaillavet, Chantal aSaignes, Thierry aCerrón Palomino, Rodolfo